Most Famous Monument by City - Statistics

General Stats
  • This quiz has been taken 235 times
  • The average score is 11 of 21
Answer Stats
Hint Answer % Correct
Paris Eiffel Tower
98%
London Big Ben
89%
Rome Colosseum
88%
Washington D.C Washington Monument/White House
75%
New York Empire State/Freedom Tower
73%
Rio de Janeiro Christ the Redeemer
61%
Sydney Sydney Opera House
58%
Dubai Burj Khalifa
54%
Toronto CN Tower
54%
Athens Parthenon
50%
Los Angeles Hollywood
49%
Chicago Willis Tower
48%
Berlin Brandenburg Gate
47%
Istanbul Hagia Sophia
43%
Barcelona Sagrada Familia
39%
Beijing Forbidden City
38%
Taipei Taipei 101
29%
Jerusalem Dome of the Rock
27%
Moscow Saint Basil's Cathedral
25%
Tokyo Tokyo Tower
25%
Venice Piazzo san Marco
10%
No matching quizzes found
Score Distribution
Percent of People with Each Score
Percentile by Number Answered
Your Score History
You have not taken this quiz